000 00295 a2200145 4500
001 172325
020 _a
040 _cMagnum
100 _aAlvarenga, Terezinha
240 1 0 _aForro da tia olinda
_lpor
245 1 0 _aForro da tia olinda
362 0 _a1899
697 _aI/GERAL
942 _cBK
999 _c172325
_d172325